[Event "FRA-chT4 0405"]
[Site "Bretagne"]
[Date "2005.04.03"]
[Round "7"]
[White "Le Duigou, Jean Guy"]
[Black "Cronier, Georges"]
[Result "1-0"]
[WhiteElo "2010"]
[BlackElo "1800"]
[PlyCount "43"]
[EventDate "2004.04.03"]
[EventType "team"]
[EventRounds "7"]
[EventCountry "FRA"]
[SourceTitle "EXT 2007"]
[Source "ChessBase"]
[SourceDate "2006.11.23"]
[SourceVersion "1"]
[SourceVersionDate "2006.11.23"]
[SourceQuality "1"]

1. d4 Nf6 2. Nf3 g6 3. c4 Bg7 4. Nc3 d6 5. e4 Nbd7 6. e5 dxe5 7. dxe5 Ng4 8. e6 fxe6 9. Ng5 Ndf6 10. Qxd8+ Kxd8 11. Nf7+ Kd7 12. Nxh8 Bxh8 13. h3 Ne5 14. Bf4 Ne8 15. 0-0-0+ Nd6 16. c5 c6 17. Be2 Kc7 18. cxd6+ exd6 19. Rhe1 Nf7 20. Bc4 Ne5 21. Bb3 Kd7 22. Bxe5 1-0

[Event "FRA-chT4 0405"]
[Site "Bretagne"]
[Date "2005.03.13"]
[Round "6"]
[White "Cronier, Georges"]
[Black "Hydouin, Jean"]
[Result "0-1"]
[WhiteElo "1800"]
[BlackElo "2040"]
[PlyCount "88"]
[EventDate "2004.04.03"]
[EventType "team"]
[EventRounds "7"]
[EventCountry "FRA"]
[SourceTitle "EXT 2007"]
[Source "ChessBase"]
[SourceDate "2006.11.23"]
[SourceVersion "1"]
[SourceVersionDate "2006.11.23"]
[SourceQuality "1"]

1. Nf3 Nf6 2. g3 g6 3. Bg2 Bg7 4. 0-0 0-0 5. d4 d6 6. c4 Nbd7 7. Nc3 c6 8. e4 e5 9. Re1 exd4 10. Nxd4 Ne5 11. b3 Qb6 12. Bb2 Nxc4 13. Na4 Nxb2 14. Nxb6 Nxd1 15. Nxa8 Nxf2 16. e5 N6g4 17. Nxc6 bxc6 18. Bxc6 Bxe5 19. Rxe5 Nh3+ 20. Kg2 Nxe5 21. Bd5 Be6 22. Nc7 Ng5 23. h4 Bxd5+ 24. Nxd5 Ne6 25. Rd1 Kg7 26. Rd2 Ng4 27. Nc3 d5 28. Kh3 Nf6 29. b4 Ne4 30. Nxe4 dxe4 31. Re2 f5 32. Kg2 Rd8 33. Kf2 Kf6 34. Rc2 h6 35. a4 Rd4 36. Rb2 g5 37. hxg5+ hxg5 38. a5 a6 39. b5 axb5 40. Rxb5 Rd2+ 41. Ke3 Ra2 42. Rd5 Rg2 43. a6 Rxg3+ 44. Ke2 Nf4+ 0-1

[Event "FRA-chT4 0405"]
[Site "Bretagne"]
[Date "2004.12.05"]
[Round "3"]
[White "Cronier, Georges"]
[Black "Blanchard, Steevy"]
[Result "1/2-1/2"]
[WhiteElo "1790"]
[BlackElo "1900"]
[PlyCount "71"]
[EventDate "2004.04.03"]
[EventType "team"]
[EventRounds "7"]
[EventCountry "FRA"]
[SourceTitle "EXT 2007"]
[Source "ChessBase"]
[SourceDate "2006.11.23"]
[SourceVersion "1"]
[SourceVersionDate "2006.11.23"]
[SourceQuality "1"]

1. Nf3 d5 2. g3 c5 3. Bg2 Nf6 4. d3 e6 5. Nbd2 Nc6 6. 0-0 Be7 7. c3 0-0 8. a3 a6 9. Re1 b5 10. e4 Bb7 11. e5 Nd7 12. d4 Rc8 13. b4 cxb4 14. axb4 Ncb8 15. Bb2 Nb6 16. Bf1 Na4 17. Qb3 Rc6 18. Rac1 Qc7 19. Rc2 Rc8 20. Rec1 Nd7 21. h3 Ndb6 22. Ne1 Nxb2 23. Qxb2 Na4 24. Qb3 Rxc3 25. Rxc3 Nxc3 26. Nd3 a5 27. Nb1 axb4 28. Nxc3 bxc3 29. Qxb5 c2 30. Ne1 Bc6 31. Qb3 Qa7 32. Rxc2 Qxd4 33. Ba6 Ra8 34. Rxc6 Qa1 35. Qb7 Qxe1+ 36. Kg2 1/2-1/2

[Event "FRA-chT4 0304"]
[Site "Bretagne"]
[Date "2004.03.14"]
[Round "6"]
[White "Cronier, Georges"]
[Black "Le Lostec, Michael"]
[Result "1-0"]
[WhiteElo "1740"]
[BlackElo "1600"]
[PlyCount "71"]
[EventDate "2003.10.12"]
[EventType "team"]
[EventRounds "9"]
[EventCountry "FRA"]
[SourceTitle "EXT 2005"]
[Source "ChessBase"]
[SourceDate "2004.11.15"]
[SourceVersion "1"]
[SourceVersionDate "2004.11.15"]
[SourceQuality "1"]

1. Nf3 d5 2. g3 Bg4 3. Bg2 Nd7 4. d4 Ngf6 5. Nbd2 e6 6. 0-0 c5 7. dxc5 Bxc5 8. c4 e5 9. cxd5 e4 10. Ng5 e3 11. Nde4 Nxe4 12. Nxe4 exf2+ 13. Kh1 Qb6 14. Nxc5 Qxc5 15. Qa4 Bxe2 16. Qe4+ Qe7 17. Qxe7+ Kxe7 18. Rxf2 Ba6 19. Bf4 g6 20. Re1+ Kf8 21. Bd6+ Kg7 22. Re7 Nf6 23. Be5 Rac8 24. Bxf6+ Kf8 25. Re1 Rg8 26. d6 Bb5 27. Bd5 Bd7 28. Be7+ Kg7 29. Rxf7+ Kh6 30. h4 g5 31. hxg5+ Kg6 32. Rf6+ Kg7 33. Bxg8 Rxg8 34. Ref1 Be8 35. Bf8+ Kh8 36. Bh6 1-0

[Event "FRA-chT4 0304"]
[Site "Bretagne"]
[Date "2004.01.18"]
[Round "4"]
[White "Cronier, Georges"]
[Black "Jambou, Gilbert"]
[Result "1-0"]
[WhiteElo "1740"]
[BlackElo "1690"]
[PlyCount "55"]
[EventDate "2003.10.12"]
[EventType "team"]
[EventRounds "9"]
[EventCountry "FRA"]
[SourceTitle "EXT 2005"]
[Source "ChessBase"]
[SourceDate "2004.11.15"]
[SourceVersion "1"]
[SourceVersionDate "2004.11.15"]
[SourceQuality "1"]

1. Nf3 c5 2. g3 Nc6 3. Bg2 d5 4. d3 e5 5. Nbd2 Be6 6. 0-0 h6 7. e4 d4 8. h3 Be7 9. a3 Qc7 10. b3 Nf6 11. Re1 0-0 12. Nf1 Nh7 13. g4 a5 14. Bd2 b5 15. a4 b4 16. Ng3 f6 17. Nh4 g5 18. Nhf5 Bxf5 19. Nxf5 Bd8 20. Nxh6+ Kg7 21. Nf5+ Kg6 22. Qf3 Qd7 23. Kf1 Ne7 24. Ke2 Rg8 25. Rh1 Nxf5 26. exf5+ Kf7 27. Qxa8 Bc7 28. Qd5+ 1-0